Rubber thottathil veno kothuku valarthal (Record no. 50106)

MARC details
000 -LEADER
fixed length control field 00289nam a2200121Ia 4500
100 ## - MAIN ENTRY--AUTHOR NAME
Personal name Mathew J
245 #0 - TITLE STATEMENT
Title Rubber thottathil veno kothuku valarthal
260 ## - PUBLICATION, DISTRIBUTION, ETC. (IMPRINT)
Name of publisher Karshakasree
Year of publication 2010
300 ## - PHYSICAL DESCRIPTION
Number of Pages 24
700 ## - ADDED ENTRY--PERSONAL NAME
Personal name Jose V.T.
942 ## - ADDED ENTRY ELEMENTS (KOHA)
Koha item type Bibliography STAF
Holdings
Withdrawn status Lost status Damaged status Not for loan Home library Current library Shelving location Date acquired Serial Enumeration / chronology Koha item type
      Bibliography RRII Library RRII Library Pathology 12/07/2010 Volume 15, Issue July Bibliography STAF